|
|
|
|
| LEADER |
00676nam a2200193 i 4500 |
| 001 |
misc74819 |
| 005 |
20240704113340.0 |
| 008 |
240624s1963 hu o 000 hun d |
| 040 |
|
|
|a SZTE Miscellanea Repozitórium
|b hun
|
| 041 |
|
|
|a hun
|
| 245 |
0 |
0 |
|a Tanterv és utasítás
|h [elektronikus dokumentum] :
|b az általános iskolák számára
|
| 260 |
|
|
|a Tankönyvkiadó
|b Budapest
|c 1963
|
| 300 |
|
|
|a 670
|c 20 cm
|
| 561 |
|
|
|a Muzeális tankönyvek, tantervek
|
| 650 |
|
4 |
|a Társadalomtudományok
|
| 650 |
|
4 |
|a Oktatástudomány
|
| 695 |
|
|
|a Tanterv - általános iskola
|
| 700 |
0 |
1 |
|a Miklósvári Sándor
|
| 856 |
4 |
0 |
|u http://misc.bibl.u-szeged.hu/74819/1/tanrend_001.pdf
|z Dokumentum-elérés
|